| 000 | 00738cam a22002413a 4500 | ||
|---|---|---|---|
| 001 | 31450 | ||
| 003 | PGUSA | ||
| 005 | 20140828083659.0 | ||
| 008 | 100310s2010||||xxu|||||s|||||000 | eng d | ||
| 040 |
_aPGUSA _beng |
||
| 042 | _adc | ||
| 050 | 4 | _aPT | |
| 100 | 1 |
_aAndersen, H. C. _q(Hans Christian), _d1805-1875 |
|
| 245 | 1 | 0 |
_aΠαραμύθια Δανικά, εκ των του Ανδερσεν _h[electronic resource] / _cH. C. Andersen |
| 260 |
_bProject Gutenberg, _c2010 |
||
| 506 | _aPublic domain in the USA. | ||
| 516 | _aElectronic text | ||
| 653 | _aFairy tales | ||
| 740 | 0 | _aDanish Tales, Selected from Andersen | |
| 830 | 0 |
_aProject Gutenberg _v31450 |
|
| 856 | 4 | 0 | _uhttp://www.gutenberg.org/ebooks/31450 |
| 942 | _cEB | ||
| 999 |
_c260705 _d260705 |
||